Lôgích học biện chứng /

Guardat en:
Dades bibliogràfiques
Autor principal: Ilencov, E. V., (1924- 1979)
Format: Llibre
Idioma:Vietnamese
Publicat: VH-TT 2003
Etiquetes: Afegir etiqueta
Sense etiquetes, Sigues el primer a etiquetar aquest registre!
Thư viện lưu trữ: Mạng thư viện Đại học Đà Nẵng
LEADER 00645nam a2200265 4500
001 000027548
003 IL-E
005 20150403120000.0
008 150403s vm 000 vie
020 |c 0,0000 
040 |a notts 
100 |a Ilencov, E. V., (1924- 1979) 
245 |a Lôgích học biện chứng /  |c E. V. Ilencôv ;Nguyễn Anh Tuấn dịch. 
260 |b VH-TT  |c 2003 
OWN |a LTT 
999 |a From the UDN01 
TYP |a Monograph 
TYP |a Printed language 
980 |a Mạng thư viện Đại học Đà Nẵng